| 000 | 01619pab a2200181 454500 | ||
|---|---|---|---|
| 008 | 180718b2010 xxu||||| |||| 00| 0 eng d | ||
| 100 | _aGroeneveld, Sandra | ||
| 245 | _aA contingency approach to representative bureaucracy: power, equal opportunities and diversity | ||
| 260 | _c2010 | ||
| 300 | _ap.239-58. | ||
| 362 | _aJun | ||
| 520 | _aIn this article we develop a contingency approach to representative bureaucracy. We argue that representative bureaucracy is a multidimensional and changing concept, and that in the academic and policy debate on representative bureaucracy three different dimensions are intermingled: power, equal opportunities and diversity. These dimensions not only reflect a particular view on the role of the state and the relation between the state and citizens, they also diverge in the motives for making the bureaucracy representative. Even the conception of what representation means can be totally different. We conclude that modern diversity management approaches alone may not contribute to nation-building because these mainly emphasize organizational performance. Approaches to representative bureaucracy in nation-building must also be built on moral arguments and underline the exemplary role of the state. In addition, the political viability of managerial and moral approaches needs to be taken into account through acknowledging political realities and existing distributions of power in society. - Reproduced. | ||
| 650 | _aBureaucracy | ||
| 700 | _aWalle, Steven Van de | ||
| 773 | _aInternational Review of Administrative Sciences | ||
| 908 | _aN | ||
| 909 | _a87387 | ||
| 999 |
_c87387 _d87387 |
||